| 000 | 00427cam a22001217a 4500 | ||
|---|---|---|---|
| 008 | 180718b1993 xxu||||| |||| 00| 0 eng d | ||
| 020 | _a0195072855 | ||
| 245 |
_aOrganizational change and redesign: Ideas and insights for improving performance _cedited by George P. Huber & William H. Glick |
||
| 260 |
_aNew York _bOxford Unversity Press _c1993 |
||
| 300 | _a450p. | ||
| 700 | _aGlick, William H. | ||
| 700 | _aHuber, George P. ed. | ||
| 999 |
_c359941 _d359941 |
||